| 000 | 00351nam a2200145Ia 4500 | ||
|---|---|---|---|
| 008 | 230917s9999||||xx |||||||||||||| ||und|| | ||
| 040 |
_e126101 _aMAIN |
||
| 041 | _aEnglish | ||
| 082 | _a005.74 H192P | ||
| 100 | _aHand , David | ||
| 245 | 0 | _aPrinciples of data mining | |
| 260 |
_aNew Delhi _bPHI Learning _c2001 |
||
| 300 | _a546 p. | ||
| 942 | _cBK | ||
| 999 |
_c135191 _d135191 |
||